000 02232nam a2200505 c 4500
003 BLK
005 20230801115244.0
008 180408b bul|||||r ||||||| ||bul||
010 _aKNG00073426000
040 _aBLK
041 _aBUL
_cBUL
072 7 _2bullib
_aЯ
_xАвтографи
080 _aОпера, музикална драма - изпълнители
_b782.1.071.2
_x(497.2)(092)
_z782.1.071.2(497.2)(092)
080 _aБиографии
_b929
_x(497.2)
_z929(497.2)
100 _aАбаджиев, Александър Маринов
_d1935-
_9366865
139 _aАбаджиев, Александър Маринов
_bА 12
245 1 0 _aЮбиляри на 1 век
_bЛюбен Минчев, Тодор Мазаров, Елена Николай, Цветана Табакова, Илка Попова, Христо Бръмбаров
_cАлександър Маринов Абаджиев.
257 _aBGR
260 София
_bНац. опера и балет
_bСъюз на бълг. муз. и танцови дейци
_c2006
300 _a62 с.
_bс портр.
_c23 см
380 _a7
500 _aКор. опис. - Офс. изд.
600 1 4 _aМинчев, Любен Василев
_9294247
600 1 4 _aМазаров, Тодор Русев
_9294248
600 1 4 _aНиколай, Елена
_9294249
600 1 4 _aТабакова, Цветана Борисова
_9294250
600 1 4 _aПопова, Илка Стефанова
_9294251
600 1 4 _aБръмбаров, Христо Тачев
_9286271
650 4 _aОперни и оперетни артисти, български
_9250561
653 _aоперни артисти
653 _aбългарски певци
653 _aЛюбен Минчев
653 _aТодор Мазаров
653 _aЕлена Николай
653 _aЦветана Табакова
653 _aИлка Попова
653 _aХристо Бръмбаров
659 _aЯ
852 _aЦб 232687
856 4 _qpdf
_u
856 4 _qpdf
_u
942 _cKNG
_n0
944 _aCR
_c26.03.2007
_k30556
_lТеодора Пейчева-Дянкова
944 _aED
_c26.08.2011
_k
999 _c69085
_d69085